| 000 | 00556nam a22002057a 4500 | ||
|---|---|---|---|
| 003 | SISC | ||
| 005 | 20160314154331.0 | ||
| 008 | 130902t xxu||||| |||| 00| 0 eng d | ||
| 020 | _a981265903 | ||
| 050 |
_aPE 1112 _b.Ak314 2006 |
||
| 082 |
_aHS 418.00 _bAk3-9 2006 |
||
| 100 |
_aAker, Don _916242 |
||
| 245 |
_aLanguage & writing 9 / _cDon Aker. |
||
| 260 |
_aSingapore : _bThomson, _cc2006. |
||
| 300 |
_a223 p. : _bill. ; _c23 cm. |
||
| 650 |
_aLanguage and languages. _916243 |
||
| 650 |
_aWriting. _916154 |
||
| 942 |
_2lcc _cBK |
||
| 999 |
_c10210 _d10210 |
||